Estadísticas para Entrenadores que han entrenado en la Liga Española en el siglo XXI

Haz click aquí para intentar la prueba.

Estadísticas generales

  • Esta prueba ha sido intentada 91 veces
  • La puntuación promedio es 46 de 216

Estadísticas de respuestas

ENTRENADOR% Correcto
Pep Guardiola
87%
Xavi Hernández
82%
Carlo Ancelotti
79%
Ernesto Valverde
77%
José Mourinho
72%
Quique Setién
69%
Rafa Benítez
69%
Ronald Koeman
69%
Zinedine Zidane
69%
Diego Simeone
67%
Juanjo González
64%
Julen Lopetegui
64%
Manuel Pellegrini
62%
José Bordalás
59%
Marcelino García Toral
56%
Quique Sánchez Flores
56%
Unai Emery
54%
Vicente del Bosque
54%
Tito Vilanova
51%
Gregorio Manzano
49%
José Luis Mendilibar
49%
Fabio Capello
46%
Frank Rijkaard
46%
Imanol Alguacil
46%
Javier Aguirre
46%
Luis Aragonés
46%
Rubén Baraja
46%
Andoni Iraola
44%
Gaizka Garitano
44%
Joaquín Caparrós
44%
Juande Ramos
44%
Louis Van Gaal
44%
Luis García
44%
Pacheta
44%
Santiago Solari
44%
Gerardo Martino
41%
Javi Gracia
41%
Sergio González
41%
Asier Garitano
38%
Eduardo Berizzo
38%
Héctor Cúper
38%
Jagoba Arrasate
38%
Jorge Sampaoli
38%
Marcelo Bielsa
38%
Pepe Mel
38%
Paco Jémez
36%
Rubi
36%
Vicente Moreno
36%
Bernd Schuster
33%
Carlos Queiroz
33%
Diego Alonso
33%
Eusebio Sacristán
33%
García Pimienta
33%
Gary Neville
33%
Gennaro Gattuso
33%
Míchel González
33%
Míchel Sánchez
33%
Pablo Machín
33%
Vanderlei Luxemburgo
33%
Abel Resino
31%
Fran Escribá
31%
Javier Clemente
31%
Lorenzo Serra Ferrer
31%
Luis García Plaza
31%
Manolo Preciado
31%
Mauricio Pellegrino
31%
Mauricio Pochettino
31%
Paco López
31%
Sergi Barjuan
31%
Víctor Sánchez del Amo
31%
Álvaro Cervera
28%
Fernando Vázquez
28%
Francisco Rodríguez
28%
Nuno Espirito Santo
28%
Radomir Antic
28%
Abelardo Fernández
26%
Clarence Seedorf
26%
Javier Calleja
26%
Miguel Ángel Lotina
26%
Miroslav Djukic
26%
Víctor Fernández
26%
Benito Floro
23%
Javier Irureta
23%
José Antonio Camacho
23%
José Luis Oltra
23%
Juan Carlos Unzué
23%
Leo Franco
23%
Pako Ayestarán
23%
Eduardo Coudet
21%
José Ramón Sandoval
21%
Lucas Alcaraz
21%
Óscar García
21%
Voro González
21%
Aitor Karanka
18%
Albert Celades
18%
Cesare Prandelli
18%
Claudio Ranieri
18%
David Moyes
18%
Diego Martínez
18%
Jorge Almirón
18%
Juan Antonio Pizzi
18%
Manolo Jiménez
18%
Sebastián Beccacece
18%
Albert Ferrer
15%
Alessio Lisci
15%
Antonio Mohamed
15%
Carles Rexach
15%
Enrique Martín
15%
Gustavo Poyet
15%
Jupp Heynckes
15%
Michael Laudrup
15%
Paco Flores
15%
Paco Herrera
15%
Paulo Pezzolano
15%
Philippe Montanier
15%
Vincenzo Montella
15%
Juan Carlos Garrido
13%
Julio Velázquez
13%
Robert Moreno
13%
Cosmin Contra
10%
David Gallego
10%
Guus Hiddink
10%
Joaquín Peiró
10%
John Toshack
10%
José Ángel Ziganda
10%
José Mari Bakero
10%
Juan Ramón López Caro
10%
Mariano García Remón
10%
Miguel Ángel Portugal
10%
Rufete
10%
Sergio Kresic
10%
Alexis Trujillo
8%
Carlos Carvalhal
8%
Chuchi Cos
8%
Javi Pereira
8%
Jesualdo Ferreira
8%
Juan Antonio Anquela
8%
Juan Carlos Mandiá
8%
Juan Muñiz
8%
Luis Zubeldía
8%
Manolo Márquez
8%
Martín Lasarte
8%
Miguel Cardoso
8%
Raynald Denoueix
8%
Rubén Torrecilla
8%
Tony Adams
8%
Víctor Muñoz
8%
Andoni Goikoetxea
5%
Antonio Tapia
5%
Carlos Bianchi
5%
Constantin Galca
5%
Hugo Sánchez
5%
Jordi Roura
5%
José González
5%
Juan Ignacio Martínez
5%
Juanma Lillo
5%
Juan Merino
5%
Luis Fernández
5%
Mané Esnal
5%
Pepe Moré
5%
Pepe Murcia
5%
Roberto Olabe
5%
Sergio Mantecón
5%
Alberto Gallego
3%
Alberto Lasarte
3%
Antonio Álvarez
3%
Antonio de la Cruz
3%
Antonio Iriondo
3%
Celestino Vallejo
3%
César Ferrando
3%
Cristóbal Parralo
3%
Fabri González
3%
Gabriel Humberto Calderón
3%
Gianni de Biasi
3%
Gonzalo Arconada
3%
Hristo Stoichkov
3%
José Aurelio Gay
3%
José Mari Amorrortu
3%
Juan Carlos Oliva
3%
Juan Esnáider
3%
Luis Costa
3%
Marcelo Romero
3%
Marcos Alonso
3%
Miguel Ángel Tena
3%
Nando Yosu
3%
Néstor Gorosito
3%
Petar Vasiljevic
3%
Santi Denia
3%
Txetxu Rojo
3%
Víctor Espárrago
3%
Antonio López Habas
0%
Antonio Sánchez Santos
0%
Bartomeu Llompart
0%
Carlos Griguol
0%
Faruk Hadzibegic
0%
Félix Carnero
0%
Félix Sarriugarte
0%
Fernando Zambrano
0%
Francisco Chaparro Jara
0%
Gustavo Benítez
0%
José Ángel Moreno
0%
José Antonio Romero
0%
Josep María Nogués
0%
Juan Carlos Álvarez
0%
Juan Carlos Añón
0%
Luis Blanco
0%
Manolo Hierro
0%
Manolo Villanova
0%
Mario Luna
0%
Martín Monteagudo
0%
Máximo Hernández
0%
Miguel Rivera
0%
Pablo Franco
0%
Paquito
0%
Txutxi Aranguren
0%

Distribución de puntuación

Porcentaje por número respondido

Porcentaje de gente con cada puntuación

Historial de tus puntuaciones

No has intentado esta prueba.